Golejadors de la Selecció Catalana de Futbol - Statistics

General Stats
  • This quiz has been taken 19 times
  • The average score is 19 of 59
Answer Stats
Partit Jugador % Correct
5-0 contra Lituània Xavi Hernández
87%
4-2 contra Equador Xavi Hernández
87%
1-1 contra País Basc Bojan Krkic
60%
2-1 contra Colòmbia Bojan Krkic
60%
4-2 contra Argentina Bojan Krkic
60%
4-0 contra Hondures Bojan Krkic
60%
4-0 contra Hondures Bojan Krkic
60%
4-1 contra Cap Verd Bojan Krkic
60%
2-1 contra Veneçuela Bojan Krkic
60%
6-0 contra Jamaica Gerard Deulofeu
60%
6-0 contra Jamaica Gerard Deulofeu
60%
6-0 contra Jamaica Gerard Deulofeu
60%
4-2 contra Equador Sergio García
47%
4-2 contra Equador Sergio García
47%
2-5 contra Brasil Sergio García
47%
4-2 contra Argentina Sergio García
47%
4-0 contra Hondures Sergio García
47%
4-1 contra Cap Verd Sergio García
47%
4-1 contra Cap Verd Sergio García
47%
1-1 contra País Basc Sergio García
47%
3-3 contra Tunísia Sergio García
47%
5-0 contra Lituània Jordi Cruyff
40%
6-0 contra Jamaica Marc Bartra
33%
2-2 contra Panamà Carles Aleñá
27%
2-0 contra Costa Rica Carles Aleñá
27%
1-1 contra Bulgària Dani Garcia
27%
6-0 contra Jamaica Ferran Jutglà
27%
2-2 contra Panamà Ferran Jutglà
27%
5-0 contra Lituània Gerard López
27%
2-5 contra Brasil Gerard López
27%
2-1 contra Veneçuela Javi Puado
27%
6-0 contra Jamaica Javi Puado
27%
2-2 contra País Basc Joan Verdú
27%
2-1 contra Colòmbia Joan Verdú
27%
3-3 contra Tunísia Joan Verdú
27%
4-1 contra Cap Verd Oriol Riera
27%
5-0 contra Nigèria Raúl Tamudo
27%
2-0 contra Xina Albert Luque
20%
2-2 contra País Basc Albert Luque
20%
2-0 contra Costa Rica Antoniu Roca
20%
2-0 contra Costa Rica Piti
20%
3-3 contra Tunísia Gerard Moreno
13%
5-0 contra Nigèria Òscar Garcia
13%
5-0 contra Nigèria Òscar Garcia
13%
1-0 contra Iugoslàvia Òscar Garcia
13%
5-0 contra Lituània Òscar Garcia
13%
5-0 contra Lituània Òscar Garcia
13%
4-2 contra Argentina Sergio González
13%
1-1 contra Nigèria Sergio González
13%
5-0 contra Nigèria Albert Celades
7%
4-0 contra Hondures Coro
7%
5-0 contra Nigèria Joan Barbarà
7%
1-1 contra Paraguai Jonathan Soriano
7%
1-0 contra Xile Luis García
7%
1-3 contra Brasil Luis García
7%
4-2 contra Equador Luis García
7%
4-2 contra Argentina Moisés
7%
2-0 contra Xina Roger Garcia
7%
2-0 contra Costa Rica Roger Garcia
7%
No matching quizzes found
Score Distribution
Percent of People with Each Score
Percentile by Number Answered
Your Score History
You have not taken this quiz